00469 2200181 4500001002100000008004100021035002000062245004700082100001200129260003500141300002000176020002200196084001400218082000800232650002100240990001300261990001300274INLIS000000000000024 ind  a0010-0226000024 aAdab anak berbakti pada orang tuacSunarno aSunarno aSemarang :bSindua Pressc2009 a58 hlm.c21 cm. a978-979-9107-72-5 a300 SUN a a300 aIlmu-ilmu Sosial aP/2122/2 aP/2122/1